Central Library OPAC University of Rajshahi

Japanese theatre / (Record no. 75319)

MARC details
000 -LEADER
fixed length control field 00814cam a2200253 i 4500
001 - CONTROL NUMBER
control field 75319
003 - CONTROL NUMBER IDENTIFIER
rucl marc code BD-RjUL
005 - DATE AND TIME OF LATEST TRANSACTION
control field 20211209082654.0
008 - FIXED-LENGTH DATA ELEMENTS--GENERAL INFORMATION
fixed length control field 140219r19591952ctuaf 001 0 eng
035 ## - SYSTEM CONTROL NUMBER
System control number (BD-RjUL)75537
040 ## - CATALOGING SOURCE
Original cataloging agency DLC
Transcribing agency DLC
Modifying agency DLC
-- BD-RjUL
Language of cataloging eng
041 ## - LANGUAGE CODE
Language code of text/sound track or separate title eng
082 00 - DEWEY DECIMAL CLASSIFICATION NUMBER
Classification number 792.0952
Author mark and year INJ 1972
110 ## - MAIN ENTRY--CORPORATE NAME
Corporate name or jurisdiction name as entry element International Society for Educational Information
9 (RLIN) 228584
245 10 - TITLE STATEMENT
Title Japanese theatre /
Statement of responsibility, etc. International Society for Educational Information
260 ## - PUBLICATION, DISTRIBUTION, ETC. (IMPRINT)
Place of publication, distribution, etc. Japan :
Name of publisher, distributor, etc. International Society for Educational Information,
Date of publication, distribution, etc. 1972
300 ## - PHYSICAL DESCRIPTION
Pagination 114 P. :
Illustrations ill. ;
Size 26 cm.
500 ## - GENERAL NOTE
General note Includes index.
650 #0 - SUBJECT ADDED ENTRY--TOPICAL TERM
Topical term or geographic name as entry element Theater
Geographic subdivision Japan
General subdivision History.
9 (RLIN) 50505
Topical term or geographic name as entry element Japanese drama
General subdivision History and criticism.
9 (RLIN) 54949
942 ## - ADDED ENTRY ELEMENTS (KOHA)
Source of classification or shelving scheme Dewey Decimal Classification
Koha item type Books
Holdings
Lost status Source of classification or shelving scheme Damaged status Not for loan Collection code Permanent Location Current Location Shelving location Date acquired Source of acquisition Cost, normal purchase price Total Checkouts Full call number Date last seen Copy number Koha item type
  Dewey Decimal Classification   Not For Loan Non-fiction Central Library, University of Rajshahi Central Library, University of Rajshahi Reading Room 14/01/2009 R.U.C.L. 3.00   792.0952 INJ 1972 25/02/2019 C-1 Books